| 000 | 00882nam a2200277 i 4500 | ||
|---|---|---|---|
| 001 | bg | ||
| 100 | 1 | _aJurlewicz, Teresa | |
| 245 | 1 | 0 |
_aAlgebra liniowa 2 : _bdefinicje, twierdzenia, wzory / _cTeresa Jurlewicz, Zbigniew Skoczylas. |
| 250 | _aWyd. 6 rozsz. | ||
| 260 |
_aWrocław : _bGiS, _c2002. |
||
| 300 |
_a145 s. : _brys. ; _c24 cm. |
||
| 490 | 1 | _aMatematyka dla Studentów Politechnik | |
| 504 | _aBibliogr. - Indeks. | ||
| 650 | 9 | _aAlgebra liniowa | |
| 655 | _aPodręczniki akademickie | ||
| 700 | 1 | _aSKOCZYLAS, Zbigniew | |
| 830 | _aMatematyka dla Studentów Politechnik | ||
| 020 | _a8385941894 | ||
| 040 | _cBPK | ||
| 041 | _apol | ||
| 080 | _a512.64(075.8) | ||
| 920 | _a83-85941-89-4 | ||
| 942 | _cKS | ||
| 008 | s pl f |000 0 pol | ||
| 999 |
_c53466 _d53466 |
||
| 856 |
_uhttp://koha.tu.koszalin.pl/cgi-bin/koha/opac-detail.pl?biblionumber=53466 _yKatalog online BPK |
||